Piłkarska kariera Johana Cruyffa. - Statystyki

Ogólne statystyki
  • Ten quiz został rozwiązany 55 razy
  • Średni wynik to 4 z 8
Statystyki odpowiedzi
Lata Drużyna % Poprawnych
1973-1978 Barcelona
98%
1964-1973 Ajax
96%
1981-1983 Ajax
96%
1983-1984 Feyenoord
43%
1981-1981 Levante
11%
1978-1980 Los Angeles Aztecs
9%
1980-1981 Diplomats
2%
1981-1981 Diplomats
2%
Nie znaleziono quizów pasujących do podanych kryteriów
Rozkład punktacji
Procent ludzi z każdym wynikiem
Percentyl według liczby udzielonych odpowiedzi
Twoja historia wyników
Nie rozwiązałeś tego quizu